Man of the plains : recollections of Luther North, 1856-1882 /

Bibliographic Details
Main Author: North, Luther Hedden, 1846-1935
Format: Book
Language:English
Published: Lincoln : University of Nebraska Press, 1961.
Series:Pioneer heritage series ; v. 4.
Subjects:

MARC

Tag First Indicator Second Indicator Subfields
LEADER 00000cam a2200000 4500
001 in00000079257
005 20151008060807.0
008 721011s1961 nbub b 00010beng
010 |a  61006409  
035 |a (OCoLC)00426357 
035 |9 AAJ6590AM 
040 |a DLC  |c WSU  |d SER  |d OCL  |d TXA  |d UtOrBLW 
049 |a TXAM [Also in] [Sp Coll]  |c 1 [469185]  |a [1094075] 
050 0 0 |a E83.866.N85  |b A3 
082 0 |a 978 
100 1 |a North, Luther Hedden,  |d 1846-1935. 
245 1 0 |a Man of the plains :  |b recollections of Luther North, 1856-1882 /  |c Edited by Donald F. Danker. With a foreword by George Bird Grinnell. 
264 1 |a Lincoln :  |b University of Nebraska Press,  |c 1961. 
300 |a xx, 350 pages :  |b maps ;  |c 25 cm. 
336 |a text  |b txt  |2 rdacontent 
337 |a unmediated  |b n  |2 rdamedia 
338 |a volume  |b nc  |2 rdacarrier 
490 1 |a The Pioneer heritage series,  |v v. 4 
504 |a Bibliographical footnotes. 
650 0 |a Indians of North America  |x Wars  |y 1866-1895. 
650 0 |a Frontier and pioneer life  |z Great Plains. 
650 0 |a Pawnee Indians. 
830 0 |a Pioneer heritage series ;  |v v. 4. 
999 |a MARS 
999 f f |s 617d6bb8-ba85-3038-a91c-055279af4254  |i 811fd856-a487-315f-9cb3-aeaedf7da7cd  |t 0 
952 f f |p noncirc  |a Texas A&M University  |b College Station  |c Cushing Memorial Library & Archives  |d Cushing: Dykes (Does not check out)  |t 0  |e E83.866.N85 A3  |h Library of Congress classification  |i unmediated -- volume  |m A14851700071 
952 f f |p ric  |a Texas A&M University  |b Rellis Campus  |c Joint Library Facility  |d Remote Storage  |t 0  |e E83.866.N85 A3  |h Library of Congress classification  |i unmediated -- volume  |m A14806104354 
998 f f |a E83.866.N85 A3  |t 0  |l Remote Storage 
998 f f |a E83.866.N85 A3  |t 0  |l Cushing: Dykes (Does not check out)